[Event "Saratov Region-ch (Women)"]
[Site "Saratov"]
[Date "2013.12.01"]
[Round "7"]
[White "Karavaeva, Anastasia"]
[Black "Marizina, Yulia"]
[Result "1/2-1/2"]
[WhiteElo "1835"]
[BlackElo "1727"]
[PlyCount "152"]
[EventDate "2013.11.25"]
[EventType "swiss"]
[EventRounds "7"]
[EventCountry "RUS"]
[SourceTitle "EXT 2015"]
[Source "ChessBase"]
[SourceDate "2014.11.20"]
[SourceVersion "1"]
[SourceVersionDate "2014.11.20"]
[SourceQuality "1"]

1. e4 e6 2. d4 d5 3. exd5 exd5 4. Bd3 Bd6 5. h3 h6 6. Qf3 Nf6 7. Ne2 0-0 8. 0-0 c6 9. Be3 Nh7 10. Bf4 Ng5 11. Qh5 Bxf4 12. Nxf4 Qf6 13. Ne2 Re8 14. Nbc3 Na6 15. a3 Nc7 16. Rad1 Ne4 17. Bxe4 dxe4 18. Ng3 Qf4 19. Ncxe4 Rxe4 20. Nxe4 Qxe4 21. Rde1 Qf5 22. Qh4 Be6 23. Qe7 Rc8 24. c3 Qg6 25. Kh2 Qc2 26. Qb4 b6 27. Rb1 Rd8 28. Qe7 Rd7 29. Qh4 Ne8 30. Rfc1 Qd3 31. Rd1 Qf5 32. Re1 Nf6 33. Rbc1 Qd3 34. Qf4 Qf5 35. Qxf5 Bxf5 36. Re5 Be6 37. Rce1 Rd5 38. Rxd5 Nxd5 39. c4 Nf4 40. b3 Kf8 41. Kg3 g5 42. h4 b5 43. cxb5 cxb5 44. b4 f6 45. hxg5 hxg5 46. f3 Ke7 47. Re3 Kd6 48. Kf2 Nd5 49. Re1 Nb6 50. Ke3 Nc4+ 51. Kd3 a5 52. Ra1 a4 53. Ra2 Bf5+ 54. Kc3 Kd5 55. Ra1 g4 56. fxg4 Bxg4 57. Kd3 Bf5+ 58. Kc3 Ke4 59. Re1+ Kf4 60. d5 Nxa3 61. d6 Bg4 62. Re7 Nc4 63. d7 Bxd7 64. Rxd7 Ne3 65. Rd6 Ke5 66. Rd2 Nd5+ 67. Kb2 Nxb4 68. Ka3 Nc6 69. Rc2 Kd5 70. Rf2 Ke6 71. Re2+ Kf5 72. Rf2+ Ke6 73. Re2+ Kf5 74. Rf2+ Ke6 75. Re2+ Kd5 76. Rf2 Ke6 1/2-1/2

[Event "Saratov Region-ch (Women)"]
[Site "Saratov"]
[Date "2013.11.30"]
[Round "6"]
[White "Chekmareva, Liya"]
[Black "Karavaeva, Anastasia"]
[Result "1/2-1/2"]
[WhiteElo "1834"]
[BlackElo "1835"]
[PlyCount "44"]
[EventDate "2013.11.25"]
[EventType "swiss"]
[EventRounds "7"]
[EventCountry "RUS"]
[SourceTitle "EXT 2015"]
[Source "ChessBase"]
[SourceDate "2014.11.20"]
[SourceVersion "1"]
[SourceVersionDate "2014.11.20"]
[SourceQuality "1"]

1. d4 Nf6 2. c4 e6 3. Nf3 b6 4. Nc3 Bb7 5. e3 Be7 6. Bd3 c5 7. 0-0 cxd4 8. exd4 d5 9. cxd5 Nxd5 10. Bb5+ Bc6 11. Bxc6+ Nxc6 12. Qa4 Qd7 13. Nxd5 Qxd5 14. Be3 0-0 15. Rfc1 b5 16. Qa6 Nb4 17. Qa5 Nd3 18. Rc2 Nb4 19. Rcc1 Nd3 20. Rc2 Nb4 21. Rcc1 Nd3 22. Rc2 Nb4 1/2-1/2

[Event "Saratov Region-ch (Women)"]
[Site "Saratov"]
[Date "2013.11.29"]
[Round "5"]
[White "Tomnikova, Lidia"]
[Black "Karavaeva, Anastasia"]
[Result "1/2-1/2"]
[WhiteElo "2167"]
[BlackElo "1835"]
[PlyCount "89"]
[EventDate "2013.11.25"]
[EventType "swiss"]
[EventRounds "7"]
[EventCountry "RUS"]
[SourceTitle "EXT 2015"]
[Source "ChessBase"]
[SourceDate "2014.11.20"]
[SourceVersion "1"]
[SourceVersionDate "2014.11.20"]
[SourceQuality "1"]

1. e4 c6 2. d4 d5 3. Nc3 dxe4 4. Nxe4 Bf5 5. Ng3 Bg6 6. h4 h6 7. Nf3 Nd7 8. h5 Bh7 9. Bd3 Bxd3 10. Qxd3 e6 11. Bd2 Qc7 12. Ne4 Ngf6 13. 0-0-0 0-0-0 14. g3 Nxe4 15. Qxe4 Nf6 16. Qe2 Bd6 17. Rh4 Kb8 18. Ne5 Bxe5 19. dxe5 Nd7 20. Re1 Nb6 21. Rg4 Rhg8 22. Be3 Nc8 23. Rd1 Ne7 24. Rxd8+ Qxd8 25. Rd4 Qc7 26. Qd3 Kc8 27. Ra4 Rd8 28. Qa3 a6 29. g4 Nd5 30. Re4 Nxe3 31. Rxe3 Rd4 32. Qf8+ Qd8 33. Qxd8+ Rxd8 34. Rd3 f6 35. Rxd8+ Kxd8 36. exf6 gxf6 37. Kd2 Ke7 38. f4 f5 39. g5 hxg5 40. fxg5 Kf7 41. Ke3 e5 42. g6+ Kg7 43. Kf3 Kh6 44. Ke3 Kg7 45. Kf3 1/2-1/2

[Event "Saratov Region-ch (Women)"]
[Site "Saratov"]
[Date "2013.11.28"]
[Round "4"]
[White "Karavaeva, Anastasia"]
[Black "Velichko, Tatiana"]
[Result "1-0"]
[WhiteElo "1835"]
[BlackElo "1884"]
[PlyCount "57"]
[EventDate "2013.11.25"]
[EventType "swiss"]
[EventRounds "7"]
[EventCountry "RUS"]
[SourceTitle "EXT 2015"]
[Source "ChessBase"]
[SourceDate "2014.11.20"]
[SourceVersion "1"]
[SourceVersionDate "2014.11.20"]
[SourceQuality "1"]

1. e4 c5 2. Ne2 Nc6 3. g3 d5 4. Bg2 dxe4 5. Bxe4 Nf6 6. Bg2 e5 7. Nbc3 Be7 8. 0-0 Be6 9. d3 0-0 10. h3 Qd7 11. Kh2 Rad8 12. f4 Nd5 13. f5 Nxc3 14. fxe6 fxe6 15. Nxc3 Rxf1 16. Qxf1 Rf8 17. Qd1 Qd4 18. Bd2 c4 19. dxc4 h5 20. Be1 Qxc4 21. Qxh5 Nd4 22. Be4 Rf5 23. Bxf5 exf5 24. Bf2 Qc6 25. Bxd4 exd4 26. Re1 g6 27. Qe2 Bf8 28. Nd1 Kf7 29. c3 1-0

[Event "RUS-ch U26 (Women)"]
[Site "Saratov"]
[Date "2013.10.02"]
[Round "9"]
[White "Tarasova, Viktoriya"]
[Black "Karavaeva, Anastasia"]
[Result "1-0"]
[WhiteElo "2294"]
[BlackElo "1807"]
[PlyCount "73"]
[EventDate "2013.09.24"]
[EventType "swiss"]
[EventRounds "9"]
[EventCountry "RUS"]
[SourceTitle "EXT 2015"]
[Source "ChessBase"]
[SourceDate "2014.11.20"]
[SourceVersion "1"]
[SourceVersionDate "2014.11.20"]
[SourceQuality "1"]

1. d4 Nf6 2. c4 e6 3. Nc3 Bb4 4. Qc2 0-0 5. Nf3 b6 6. e4 d5 7. e5 Ne4 8. Bd3 Bb7 9. cxd5 exd5 10. 0-0 Bxc3 11. bxc3 h6 12. c4 f5 13. Ba3 Re8 14. Rfc1 c5 15. cxd5 Bxd5 16. Bc4 cxd4 17. Qb3 Bxc4 18. Rxc4 Kh7 19. Rxd4 Qc8 20. Rc1 Nc5 21. Bxc5 bxc5 22. Rd3 Nd7 23. Ng5+ Kh8 24. Nf7+ Kh7 25. Nd6 Qc7 26. Nxe8 Rxe8 27. Qf7 Rf8 28. Qxd7 Qxe5 29. Qd5 Qe2 30. Rd2 Qg4 31. Qxc5 Re8 32. h3 Qg5 33. Rd5 Rf8 34. Rcd1 Rf6 35. Qe3 Qh5 36. Qf3 Qf7 37. a4 1-0

[Event "RUS-ch U26 (Women)"]
[Site "Saratov"]
[Date "2013.09.30"]
[Round "7"]
[White "Karavaeva, Anastasia"]
[Black "Valiullina, Luiza"]
[Result "1-0"]
[WhiteElo "1807"]
[BlackElo "1940"]
[PlyCount "119"]
[EventDate "2013.09.24"]
[EventType "swiss"]
[EventRounds "9"]
[EventCountry "RUS"]
[SourceTitle "EXT 2015"]
[Source "ChessBase"]
[SourceDate "2014.11.20"]
[SourceVersion "1"]
[SourceVersionDate "2014.11.20"]
[SourceQuality "1"]

1. d4 Nf6 2. e3 g6 3. Bd3 Bg7 4. Nf3 0-0 5. 0-0 d6 6. h3 Nbd7 7. e4 e5 8. c3 c6 9. Be3 Qc7 10. Nbd2 b6 11. Rc1 Bb7 12. dxe5 dxe5 13. Qe2 Rad8 14. Rfd1 Rfe8 15. a4 Nf8 16. Bc4 Ne6 17. Ng5 Nxg5 18. Bxg5 Rd7 19. Nf1 Red8 20. Bxf6 Bxf6 21. Ne3 Bg5 22. Bb3 c5 23. Bc2 Qc6 24. Ra1 Bxe3 25. fxe3 Kg7 26. Rxd7 Rxd7 27. a5 b5 28. c4 Ba6 29. b3 bxc4 30. bxc4 Qe6 31. Bb3 Rb7 32. Qc2 Rb4 33. Rc1 Qc6 34. Qd3 Bb7 35. Bc2 Qa6 36. Qc3 Qe6 37. Bb1 Ba6 38. Ba2 Ra4 39. Rc2 Kh6 40. Bb3 Rb4 41. Ba2 Bb7 42. Qd3 Qc6 43. Qd5 Qc7 44. Qd3 Bc6 45. Rf2 Qb7 46. Qd6 Bxe4 47. Qxe5 Qc6 48. Qf4+ g5 49. Qxf7 Bg6 50. Qf8+ Kh5 51. g4+ Kh4 52. Qh6+ Kg3 53. Qxg5 Qe4 54. Qxc5 Rb1+ 55. Bxb1 Qxb1+ 56. Rf1 Qc2 57. Qd6+ Kxh3 58. Rf3+ Kh4 59. Qf6+ Kxg4 60. Qf4+ 1-0

[Event "Saratov Shestoperov Memorial"]
[Site "Saratov"]
[Date "2012.08.25"]
[Round "3"]
[White "Mamonov, Alexey"]
[Black "Karavaeva, Anastasia"]
[Result "1-0"]
[WhiteElo "1871"]
[BlackElo "1821"]
[PlyCount "93"]
[EventDate "2012.08.25"]
[EventType "swiss"]
[EventRounds "9"]
[EventCountry "RUS"]
[SourceTitle "CBM 150 Extra"]
[Source "ChessBase"]
[SourceDate "2012.10.19"]
[SourceVersion "1"]
[SourceVersionDate "2012.10.19"]
[SourceQuality "1"]

1. d4 Nf6 2. Nf3 g6 3. g3 Bg7 4. Bg2 0-0 5. 0-0 d5 6. c4 Nc6 7. Nc3 dxc4 8. e4 Bg4 9. Be3 Qc8 10. Qa4 Bxf3 11. Bxf3 Ng4 12. Nd5 Nxe3 13. fxe3 e6 14. Nc3 Ne7 15. Qxc4 c6 16. Rac1 Bh6 17. Kf2 Qd8 18. Qb3 a5 19. Na4 Qd6 20. Nb6 Ra6 21. Nc4 Qb4 22. Qc2 Rd8 23. Be2 Nc8 24. a3 Qe7 25. Ne5 Ra8 26. Kg2 Nd6 27. Ng4 Bg7 28. Qc5 h5 29. Nf2 Qc7 30. Bd3 Bh6 31. Rfe1 Bg7 32. Rc2 Ne8 33. g4 a4 34. e5 hxg4 35. Nxg4 Rd5 36. Qc4 Qd8 37. Kh1 Qh4 38. Rg1 Qh3 39. Rf2 Qh4 40. Be4 Rd7 41. Bxg6 Re7 42. Rxf7 Qh3 43. Rg3 Qh4 44. Rxe7 Qxe7 45. Bxe8 Rxe8 46. Nf6+ Kf7 47. Nxe8 1-0

[Event "Privolzhskogo FO-ch (Women)"]
[Site "Togliatti"]
[Date "2012.03.26"]
[Round "7"]
[White "Mirzaeva, Gulnara"]
[Black "Karavaeva, Anastasia"]
[Result "0-1"]
[WhiteElo "1771"]
[BlackElo "1831"]
[PlyCount "138"]
[EventDate "2012.03.20"]
[EventType "swiss"]
[EventRounds "9"]
[EventCountry "RUS"]
[SourceTitle "EXT 2013"]
[Source "ChessBase"]
[SourceDate "2012.11.22"]
[SourceVersion "1"]
[SourceVersionDate "2012.11.22"]
[SourceQuality "1"]

1. e4 d5 2. exd5 Qxd5 3. Nc3 Qd6 4. d4 Nf6 5. Nf3 c6 6. Ne5 Nbd7 7. Nc4 Qc7 8. Qf3 Nb6 9. Bf4 Qd8 10. Be5 Be6 11. Nxb6 Qxb6 12. 0-0-0 0-0-0 13. Qg3 h5 14. h4 g6 15. Rd3 Bh6+ 16. f4 Qa5 17. Be2 Rhe8 18. Bxf6 exf6 19. Qf2 f5 20. Rhh3 Qc7 21. Rhf3 Kb8 22. g3 Bg7 23. Bd1 Re7 24. Ne2 Bc4 25. Rd2 Qb6 26. c3 Bxa2 27. b3 Qa5 28. Rb2 c5 29. Ng1 Bxb3 30. Bxb3 cxd4 31. Rd3 Rc8 32. Ne2 Rec7 33. Ra2 Qb6 34. Bc2 Qe6 35. Ra4 Qe8 36. Nxd4 Rxc3 37. Rxc3 Rxc3 38. Ra2 Re3 39. Nf3 Qe6 40. Ra4 Qb6 41. Ne5 Bxe5 42. fxe5 Qc5 43. Qd2 Rxg3 44. Qd8+ Qc8 45. Qd6+ Ka8 46. Qd4 a6 47. Rc4 Qb8 48. Bd1 Ra3 49. Ba4 Rg3 50. Bd1 Ra3 51. Rc5 Qe8 52. Kb2 Rh3 53. Rd5 Rh2+ 54. Bc2 Rxc2+ 55. Kxc2 Qc8+ 56. Rc5 Qe6 57. Qd5 Qe8 58. Qc4 Kb8 59. Rc7 Qxe5 60. Rxf7 Qh2+ 61. Kb3 Qg3+ 62. Qc3 Qd6 63. Rf6 Qd5+ 64. Qc4 Qd1+ 65. Kb4 Qe1+ 66. Kc5 Qe5+ 67. Kb4 Qxf6 68. Qf4+ Ka7 69. Qe3+ Qb6+ 0-1

[Event "Privolzhskogo FO-ch (Women)"]
[Site "Togliatti"]
[Date "2012.03.23"]
[Round "4"]
[White "Karavaeva, Anastasia"]
[Black "Feofilova, Elizaveta"]
[Result "1/2-1/2"]
[WhiteElo "1831"]
[BlackElo "1746"]
[PlyCount "82"]
[EventDate "2012.03.20"]
[EventType "swiss"]
[EventRounds "9"]
[EventCountry "RUS"]
[SourceTitle "EXT 2013"]
[Source "ChessBase"]
[SourceDate "2012.11.22"]
[SourceVersion "1"]
[SourceVersionDate "2012.11.22"]
[SourceQuality "1"]

1. e4 e6 2. d4 d5 3. e5 c5 4. c3 Nc6 5. Nf3 Bd7 6. Be2 f6 7. 0-0 fxe5 8. Nxe5 Nxe5 9. dxe5 Qc7 10. f4 Ne7 11. Kh1 0-0-0 12. b4 c4 13. a4 Nf5 14. g4 Nh4 15. Be3 b6 16. Nd2 Be7 17. Nf3 h6 18. Nxh4 Bxh4 19. Qd4 Kb8 20. Qd2 g5 21. a5 b5 22. Bc5 Bc6 23. Bd6 Rxd6 24. exd6 Qxd6 25. Qd4 Re8 26. Qe5 Qxe5 27. fxe5 d4+ 28. Bf3 Bxf3+ 29. Rxf3 d3 30. Rf6 d2 31. Rd1 Be1 32. Rxh6 Kc7 33. Rh7+ Kc6 34. Rh3 Rf8 35. Re3 Rf4 36. h3 a6 37. Kg2 Rf2+ 38. Kg1 Rf4 39. Kh2 Rf2+ 40. Kh1 Rf4 41. Kg2 Rf2+ 1/2-1/2

[Event "Privolzhskogo FO-ch (Women)"]
[Site "Togliatti"]
[Date "2012.03.20"]
[Round "1"]
[White "Shaydullina, Sandugach"]
[Black "Karavaeva, Anastasia"]
[Result "1-0"]
[WhiteElo "2197"]
[BlackElo "1831"]
[PlyCount "51"]
[EventDate "2012.03.20"]
[EventType "swiss"]
[EventRounds "9"]
[EventCountry "RUS"]
[SourceTitle "EXT 2013"]
[Source "ChessBase"]
[SourceDate "2012.11.22"]
[SourceVersion "1"]
[SourceVersionDate "2012.11.22"]
[SourceQuality "1"]

1. d4 d5 2. c4 e6 3. Nc3 Nf6 4. cxd5 exd5 5. Bg5 Be7 6. e3 0-0 7. Bd3 b6 8. Bxf6 Bxf6 9. Qh5 h6 10. Qxd5 c6 11. Qf3 Be6 12. Nge2 Qd7 13. h3 a5 14. 0-0 Na6 15. Rad1 Nb4 16. Bb1 Nd5 17. e4 Nxc3 18. bxc3 Bc4 19. Rfe1 Rad8 20. Ng3 Be6 21. Nh5 Bg5 22. Qg3 f5 23. f4 Qf7 24. exf5 Qxh5 25. fxe6 Bh4 26. Qd3 1-0

[Event "Saratov op (Women)"]
[Site "Saratov"]
[Date "2011.11.20"]
[Round "5"]
[White "Velichko, Tatiana"]
[Black "Karavaeva, Anastasia"]
[Result "1/2-1/2"]
[WhiteElo "1856"]
[BlackElo "1820"]
[PlyCount "60"]
[EventDate "2011.11.16"]
[EventType "swiss"]
[EventRounds "7"]
[EventCountry "RUS"]
[SourceTitle "CBM 145 Extra"]
[Source "ChessBase"]
[SourceDate "2012.01.03"]
[SourceVersion "1"]
[SourceVersionDate "2012.01.03"]
[SourceQuality "1"]

1. e4 c6 2. d4 d5 3. Nc3 dxe4 4. Nxe4 Bf5 5. Ng3 Bg6 6. h4 h6 7. Nf3 Nd7 8. Bd3 Bxd3 9. Qxd3 Ngf6 10. Bd2 e6 11. Ne4 Nxe4 12. Qxe4 Nf6 13. Qe2 Qc7 14. g3 Bd6 15. 0-0-0 0-0-0 16. c4 c5 17. Bc3 cxd4 18. Nxd4 a6 19. Kb1 Rd7 20. Nb3 Qc6 21. Rc1 Rhd8 22. c5 Bc7 23. Ba5 Qe4+ 24. Qxe4 Nxe4 25. c6 Re7 26. Bxc7 Rxc7 27. cxb7+ Kxb7 28. Na5+ Kb6 29. Nc4+ Kb7 30. Na5+ Kb6 1/2-1/2

[Event "Saratov op (Women)"]
[Site "Saratov"]
[Date "2011.11.19"]
[Round "4"]
[White "Protopopova, Anastasiya"]
[Black "Karavaeva, Anastasia"]
[Result "1/2-1/2"]
[WhiteElo "1757"]
[BlackElo "1820"]
[PlyCount "267"]
[EventDate "2011.11.16"]
[EventType "swiss"]
[EventRounds "7"]
[EventCountry "RUS"]
[SourceTitle "CBM 145 Extra"]
[Source "ChessBase"]
[SourceDate "2012.01.03"]
[SourceVersion "1"]
[SourceVersionDate "2012.01.03"]
[SourceQuality "1"]

1. d4 d5 2. Nf3 Nf6 3. c4 c6 4. Qb3 dxc4 5. Qxc4 Bf5 6. Nc3 e6 7. Bg5 Be7 8. e3 Nbd7 9. Be2 0-0 10. 0-0 h6 11. Bh4 Re8 12. Rfe1 Qb6 13. Bf1 Bg4 14. e4 Bxf3 15. gxf3 e5 16. Bxf6 Bxf6 17. d5 Bh4 18. Re2 cxd5 19. Nxd5 Qg6+ 20. Kh1 Nb6 21. Nxb6 Qxb6 22. Bh3 Bxf2 23. Rf1 Bd4 24. f4 Re7 25. f5 Qf6 26. Qb3 Rc7 27. Rg2 Rac8 28. Rg6 Qh4 29. Rg4 Qh5 30. Qg3 f6 31. Rg6 Qe2 32. Rxf6 Qe3 33. Qxe3 Bxe3 34. Re6 Bf4 35. Bg2 Rc1 36. h3 Rxf1+ 37. Bxf1 Rc1 38. Kg2 Rc2+ 39. Kg1 Rxb2 40. Bc4 Kf8 41. f6 Rb1+ 42. Kg2 gxf6 43. Rxf6+ Ke7 44. Rf7+ Kd6 45. Bd5 Rb2+ 46. Kf3 Rh2 47. Kg4 Rg2+ 48. Kh5 Rg5+ 49. Kxh6 Rg3+ 50. Kh5 Rxh3+ 51. Kg4 Rg3+ 52. Kf5 Rg5+ 53. Kf6 Rg2 54. Rxb7 Be3 55. Rb8 Rf2+ 56. Kg6 Bb6 57. Re8 Bd4 58. Re6+ Kd7 59. Rf6 Rg2+ 60. Kf7 Rc2 61. Rg6 Rc7 62. Re6 Kd8+ 63. Kf6 Rh7 64. Rd6+ Kc7 65. Rc6+ Kd7 66. Kg6 Rh2 67. Rf6 Rg2+ 68. Kf7 Rc2 69. Rg6 Rf2+ 70. Rf6 Rc2 71. Rg6 Rc7 72. Re6 Kd8+ 73. Kf6 Rh7 74. Rd6+ Kc7 75. Rc6+ Kd7 76. Kg6 Re7 77. Kf5 Re8 78. Rf6 Re7 79. Rc6 Rh7 80. Rg6 Rh5+ 81. Rg5 Rh7 82. Rg6 Rh4 83. Rg4 Rh5+ 84. Rg5 Rh4 85. Rg7+ Ke8 86. Rg6 Rh7 87. Ke6 Re7+ 88. Kf6 Rh7 89. Ke6 Re7+ 90. Kf6 Rh7 91. Rg8+ Kd7 92. Rb8 Kd6 93. Rc8 Kd7 94. Be6+ Kd6 95. Bd5 Rc7 96. Rd8+ Rd7 97. Rc8 Rc7 98. Re8 Kc5 99. Kf5 Kd6 100. Re6+ Kc5 101. Rxe5 Bxe5 102. Kxe5 Re7+ 103. Kf6 Kd6 104. Kf5 Re5+ 105. Kf4 Re8 106. Bb3 Rf8+ 107. Ke3 Ke5 108. Bd5 Rc8 109. Kd3 a5 110. Bc4 a4 111. Bd5 Rc5 112. Bg8 Rc8 113. Bd5 Rc1 114. Kd2 Rc7 115. Kd3 Rc8 116. Bf7 Rb8 117. Bd5 Rc8 118. Bf7 Rd8+ 119. Bd5 Rc8 120. Bf7 Rc1 121. Bd5 Rb1 122. Kc2 Rb8 123. Kd3 Rb6 124. Bg8 Rb4 125. Bd5 Rb1 126. Kc2 Re1 127. Kd2 Ra1 128. Kd3 Rh1 129. Kc4 Rb1 130. Kd3 Rc1 131. Kd2 Rc5 132. Kd3 Rc7 133. Bg8 Rc8 134. Bd5 1/2-1/2

[Event "Saratov op (Women)"]
[Site "Saratov"]
[Date "2011.11.17"]
[Round "2"]
[White "Karavaeva, Anastasia"]
[Black "Tomnikova, Lidia"]
[Result "0-1"]
[WhiteElo "1820"]
[BlackElo "2066"]
[PlyCount "112"]
[EventDate "2011.11.16"]
[EventType "swiss"]
[EventRounds "7"]
[EventCountry "RUS"]
[SourceTitle "CBM 145 Extra"]
[Source "ChessBase"]
[SourceDate "2012.01.03"]
[SourceVersion "1"]
[SourceVersionDate "2012.01.03"]
[SourceQuality "1"]

1. d4 Nf6 2. Nf3 g6 3. Bf4 Bg7 4. e3 b6 5. Nbd2 Bb7 6. h3 0-0 7. Bd3 d6 8. 0-0 Nbd7 9. c3 Re8 10. Bc2 e5 11. dxe5 dxe5 12. Bh2 Ba6 13. Re1 e4 14. Nd4 c5 15. Ne2 Qe7 16. Bb3 Ne5 17. Bxe5 Qxe5 18. Nc4 Qe7 19. a4 Rad8 20. Qc2 Nd5 21. Rad1 Qh4 22. Ng3 Bh6 23. Kh2 Bb7 24. Na3 a6 25. Bc4 Bg7 26. Kg1 Nc7 27. Qb3 Qf6 28. Ne2 g5 29. Ng3 Qg6 30. Be2 Bd5 31. c4 Bb7 32. a5 Qc6 33. axb6 Na8 34. Nf5 Bf8 35. Qc3 Nxb6 36. b3 Bc8 37. Bg4 h5 38. Bxh5 Bxf5 39. Nc2 Nc8 40. Rxd8 Rxd8 41. Qe5 Qe6 42. Qc7 Rd2 43. Rc1 Qf6 44. Qa5 Rd3 45. Rb1 Qb6 46. Qa4 Bd7 47. Qa3 Qf6 48. Qc1 Qc3 49. Be2 Rd2 50. Bd1 Ne7 51. Ra1 Nc6 52. Qb1 a5 53. Ra3 Nb4 54. Ne1 Bc6 55. Rxa5 Rb2 56. Qa1 Qxe1+ 0-1

[Event "PriFR-ch (Women) 10th"]
[Site "Perm"]
[Date "2011.01.07"]
[Round "5"]
[White "Dogodkina, Julia"]
[Black "Karavaeva, Anastasia"]
[Result "1-0"]
[WhiteElo "2070"]
[BlackElo "1813"]
[PlyCount "81"]
[EventDate "2011.01.04"]
[EventType "swiss"]
[EventRounds "9"]
[EventCountry "RUS"]
[SourceTitle "EXT 2022"]
[Source "ChessBase"]
[SourceDate "2021.10.06"]
[SourceVersion "1"]
[SourceVersionDate "2021.10.06"]
[SourceQuality "1"]

1. c4 f5 2. Nc3 Nf6 3. d4 g6 4. f3 Bg7 5. e4 fxe4 6. fxe4 d6 7. Nf3 0-0 8. Be2 e6 9. 0-0 Qe8 10. Qb3 c6 11. Qa3 d5 12. e5 Ng4 13. h3 Nh6 14. g4 Bd7 15. Na4 a5 16. Nb6 Ra7 17. c5 Kh8 18. Bxh6 Bxh6 19. g5 Bg7 20. Qe3 Na6 21. Bxa6 Rxa6 22. a4 Qd8 23. Nh4 Be8 24. Rxf8+ Bxf8 25. Rf1 Bg7 26. Ng2 Kg8 27. h4 Bf7 28. Qf4 Be8 29. Ne3 Rxb6 30. cxb6 Qxb6 31. Ng4 Qc7 32. Nh6+ Bxh6 33. gxh6 Qf7 34. Qg5 Qc7 35. h5 Qd7 36. Qf6 Qf7 37. Qd8 Qd7 38. Qxd7 Bxd7 39. hxg6 hxg6 40. h7+ Kg7 41. Rf7+ 1-0

[Event "PriFR-ch (Women) 10th"]
[Site "Perm"]
[Date "2011.01.06"]
[Round "4"]
[White "Kokovyakina, Anna"]
[Black "Karavaeva, Anastasia"]
[Result "0-1"]
[WhiteElo "1732"]
[BlackElo "1813"]
[PlyCount "64"]
[EventDate "2011.01.04"]
[EventType "swiss"]
[EventRounds "9"]
[EventCountry "RUS"]
[SourceTitle "EXT 2022"]
[Source "ChessBase"]
[SourceDate "2021.10.06"]
[SourceVersion "1"]
[SourceVersionDate "2021.10.06"]
[SourceQuality "1"]

1. d4 Nf6 2. c4 g6 3. g3 Bg7 4. Bg2 d5 5. Nf3 0-0 6. 0-0 Nc6 7. b3 Bf5 8. Bb2 Re8 9. Nbd2 dxc4 10. bxc4 Ne4 11. e3 Qc8 12. Nxe4 Bxe4 13. Qe2 Rb8 14. Nd2 Bxg2 15. Kxg2 e5 16. d5 Ne7 17. e4 Qd7 18. Rfe1 b6 19. f4 exf4 20. Bxg7 Kxg7 21. gxf4 Nf5 22. Qf2 Nd6 23. e5 Nf5 24. Nf3 b5 25. Qc2 bxc4 26. Qxc4 Rb2+ 27. Kg1 Nd4 28. e6 Nxf3+ 29. Kf1 Nxh2+ 30. Kg1 Nf3+ 31. Kf1 Nd2+ 32. Kg1 Nxc4 0-1

[Event "PriFR-ch (Women) 10th"]
[Site "Perm"]
[Date "2011.01.05"]
[Round "2"]
[White "Artemenko, Rimma"]
[Black "Karavaeva, Anastasia"]
[Result "1/2-1/2"]
[WhiteElo "1566"]
[BlackElo "1813"]
[PlyCount "70"]
[EventDate "2011.01.04"]
[EventType "swiss"]
[EventRounds "9"]
[EventCountry "RUS"]
[SourceTitle "EXT 2022"]
[Source "ChessBase"]
[SourceDate "2021.10.06"]
[SourceVersion "1"]
[SourceVersionDate "2021.10.06"]
[SourceQuality "1"]

1. d4 Nf6 2. Nf3 g6 3. Bf4 Bg7 4. c3 d5 5. e3 0-0 6. Be2 b6 7. 0-0 Bb7 8. Nbd2 Nbd7 9. c4 c5 10. Rc1 Re8 11. b3 Rc8 12. h3 h6 13. Ne5 Nxe5 14. Bxe5 cxd4 15. exd4 Qd7 16. Nf3 Red8 17. Qd3 e6 18. Rc2 dxc4 19. bxc4 Be4 20. Qd2 Bxc2 21. Qxc2 Qe7 22. Qb3 Ne8 23. Bxg7 Nxg7 24. Rd1 Nf5 25. g4 Ng7 26. Bf1 Rd6 27. Qe3 Kh7 28. Qe4 Re8 29. Ne5 f5 30. Qd3 Red8 31. Qe3 Rf8 32. Bd3 Qd8 33. Nf3 Rf7 34. Bc2 Rc7 35. Bb3 a6 1/2-1/2

[Event "Saratov op"]
[Site "Saratov"]
[Date "2010.06.01"]
[Round "1"]
[White "Karavaeva, Anastasia"]
[Black "Smirnov, Alexandr A"]
[Result "0-1"]
[WhiteElo "1796"]
[BlackElo "2222"]
[PlyCount "160"]
[EventDate "2010.06.01"]
[EventType "swiss"]
[EventRounds "9"]
[EventCountry "RUS"]
[SourceTitle "CBM 137 Extra"]
[Source "ChessBase"]
[SourceDate "2010.09.01"]
[SourceVersion "1"]
[SourceVersionDate "2010.09.01"]
[SourceQuality "1"]

1. e4 c5 2. c3 d6 3. d4 Nf6 4. Bd3 g6 5. h3 Bg7 6. Nf3 0-0 7. 0-0 Nc6 8. Re1 Qc7 9. Be3 cxd4 10. Nxd4 a6 11. Nd2 Ne5 12. Bc2 b5 13. Qe2 Rb8 14. Bb3 Bb7 15. Bg5 h6 16. Bxf6 Bxf6 17. N2f3 Nxf3+ 18. Nxf3 a5 19. Rad1 a4 20. Bd5 a3 21. bxa3 Qxc3 22. Qxb5 Bxd5 23. Qxd5 Qxa3 24. e5 dxe5 25. Nxe5 e6 26. Qd2 Bg7 27. Nc4 Qa4 28. Rc1 Rb4 29. Qe2 Qa7 30. Rc2 Ra4 31. Rd1 Ra8 32. Rcd2 h5 33. Qd3 Qb8 34. g3 Bh6 35. Rb2 Qc8 36. Ne3 Ra3 37. Qe2 Bxe3 38. fxe3 Qc5 39. Rd4 Qc1+ 40. Kf2 Rxe3 41. Qxe3 Qxb2+ 42. Rd2 Qf6+ 43. Kg2 Qf5 44. Kh2 Qb1 45. Qf2 Qa1 46. Qg2 Ra3 47. h4 Kg7 48. Rb2 Qe1 49. Rb7 Qe5 50. Qf2 Qf6 51. Qd2 e5 52. Rb4 Qf3 53. Rb3 Rxb3 54. axb3 Qxb3 55. Qe2 Qc3 56. Qe4 Qb2+ 57. Kh3 Qd4 58. Qe2 e4 59. Kg2 Qd3 60. Qb2+ Kh7 61. Qf6 Qe2+ 62. Kh1 Qf3+ 63. Qxf3 exf3 64. Kg1 g5 65. hxg5 Kg6 66. Kf2 Kxg5 67. Kxf3 Kf5 68. Ke3 Kg4 69. Kf2 h4 70. gxh4 Kxh4 71. Kf3 Kg5 72. Kg3 Kf5 73. Kf3 f6 74. Kg3 Ke4 75. Kf2 Kf4 76. Kg2 Ke3 77. Kf1 Kf3 78. Kg1 f5 79. Kf1 f4 80. Kg1 Ke2 0-1

[Event "Saratov RSOCF Cup"]
[Site "Saratov"]
[Date "2010.01.25"]
[Round "7"]
[White "Borisovsky, Viktor"]
[Black "Karavaeva, Anastasia"]
[Result "1-0"]
[WhiteElo "2113"]
[BlackElo "1780"]
[PlyCount "77"]
[EventDate "2010.01.19"]
[EventType "swiss"]
[EventRounds "9"]
[EventCountry "RUS"]
[SourceTitle "CBM 134 Extra"]
[Source "ChessBase"]
[SourceDate "2010.03.03"]
[SourceVersion "1"]
[SourceVersionDate "2010.03.03"]
[SourceQuality "1"]

1. d4 Nf6 2. c4 g6 3. Nc3 d5 4. Bg5 Ne4 5. Bh4 Bg7 6. e3 Nxc3 7. bxc3 c6 8. Bd3 0-0 9. Ne2 Nd7 10. cxd5 cxd5 11. Qb3 Nb6 12. a4 Qd6 13. 0-0 e6 14. f3 f5 15. a5 Nd7 16. c4 Nf6 17. Nf4 e5 18. c5 Qc7 19. Bxf6 exf4 20. Qxd5+ Kh8 21. Bxg7+ Kxg7 22. e4 Rd8 23. Qc4 fxe4 24. fxe4 Rf8 25. Qc3 h6 26. d5+ Kh7 27. e5 Qe7 28. e6 f3 29. Rxf3 Rxf3 30. gxf3 Qg5+ 31. Kf2 Qh4+ 32. Ke3 Qg5+ 33. Kd4 Qf4+ 34. Be4 Qxh2 35. Kc4 Qe2+ 36. Bd3 Qh2 37. Qf6 Qh5 38. Rg1 Bxe6 39. Bxg6+ 1-0